000
00197 a2200097 4500
020
_a
9780679883425
041
_a
eng
100
_a
Barbara Park
245
_a
Junie B.Jones is not aCrook
942
_c
BK
999
_c
28904
_d
28904